000
00207 a2200097 4500
001
11805
100
_a
Kimche, J.
245
_a
Seven fallen pillars
260
_a
_b
Secker & warburg
_c
090
_c
9061
_d
9061
942
_a
NUST-CAE
_c
M
_c
35891
999
_c
246878
_d
246878